000 00712nam a22002057a 4500
999 _c19563
_d19563
003 AR-CdUCM
008 190518b ||||| |||| 00| 0 spa d
040 _aMUNICIPALIDAD PROVINCIAL DEL CUSCO
_cBIBLIOTECA MUNICIPAL DEL CUSCO
082 _a848.43 /
_bB222
100 _aBaptiste Poquelin, Jean Moliére
_940976
245 _aEl enfermo imaginario :
_by otras comedias /
260 _aLima :
_bInformática brasa ediciones,
_c2004.
300 _a185 páginas ;
_c21 cm.
505 _aContenido: El enfermo imaginario -- Las preciosas ridículas -- El medico a la fuerza...
650 _aCuentos
_9217
650 _aComedia
_92607
650 _aPerú
_935
942 _2ddc
_cLIBROS
945 _adavv
_d2019-05-18